Historia del derecho.

Tallennettuna:
Bibliografiset tiedot
Yhteisötekijä: Universidad Nacional de Educación a Distancia (autor)
Muut tekijät: Fernández Espinar, Ramón (autor, t.2), Zurita Cuenca, Rafael (autor, t.2), Gibert y Sánchez de la Vega, Rafael (dirección, t.2)
Aineistotyyppi: Kirja
Kieli:englanti
Julkaistu: Madrid, España: Universidad Nacional de Educación a Distancia; Ministerio de Educación y Ciencia, 1983.
Aiheet:
Tagit: Lisää tagi
Ei tageja, Lisää ensimmäinen tagi!

MARC

LEADER 00000nam a22000007a 4500
003 CL-VaPUC
005 20240607104518.0
008 240603t1983 ||||| |||| 00| 0 eng d
999 |c 443818  |d 443816 
020 |a 84-362-0505-7 
040 |c Pontificia Universidad Católica de Valparaíso 
082 |2 22  |a 340.09 UNI 1983 
110 |9 330204  |a Universidad Nacional de Educación a Distancia  |e autor 
245 |a Historia del derecho. 
260 |a Madrid, España:  |b Universidad Nacional de Educación a Distancia;  |b Ministerio de Educación y Ciencia,   |c 1983. 
300 |a 2 Tomos. 
500 |a c.1 Tomo 1 y 2: Donación Prof. Carlos Salinas Araneda. Memo DER N°028. 31/05/2024. 
505 |a t.1: - 1a. Unidad didáctica: Introducción y Edad Antigua. El derecho y el canónico. - 2a. Unidad didáctica: León y Castilla en la Edad Media. - 3a.Unidad didáctica: Vascongadas, Navarra y Aragón en la Edad Media. Moros y judíos. - 4a.Unidad didáctica: Cataluña, Valencia en la Edad Media. Derecho Marítimo. - 5a. Unidad didáctica: Coronas de Castilla y Aragón bajo los Austrias. - 6a. Unidad didáctica: Siglos XVIII y XIX. t.2: Unidad didáctica /4. 
583 |c 20240603  |k Yessy Sthefany Diaz Vidal 
650 0 |9 254880  |a Derecho   |v Historia   |y Edad antigua, media, moderna y contemporánea  
650 0 |9 294933  |a Derecho feudal   |z España 
700 |9 384597  |a Fernández Espinar, Ramón  |e autor  |e t.2 
700 |9 889187  |a Zurita Cuenca, Rafael   |e autor  |e t.2 
700 |9 889189  |a Gibert y Sánchez de la Vega, Rafael  |e dirección  |e t.2 
942 |2 ddc  |c BK 
952 |0 0  |1 0  |2 ddc  |4 0  |6 340_090000000000000_UNI_1983  |7 0  |8 A  |9 594943  |a BIBDER  |b BIBDER  |d 2024-06-03  |e Donación   |h t.1  |i 5661505  |o 340.09 UNI 1983  |p 5661505  |r 2024-06-03  |t 1  |w 2024-06-03  |y BK  |k DER 
952 |0 0  |1 0  |2 ddc  |4 0  |6 340_090000000000000_UNI_1983  |7 0  |8 A  |9 594944  |a BIBDER  |b BIBDER  |d 2024-06-03  |e Donación   |h t.2  |i 5661506  |o 340.09 UNI 1983  |p 5661506  |r 2024-06-03  |t 1  |w 2024-06-03  |y BK  |k DER